000 01059cam a2200277 i 4500
001 64609
003 Mx-PuUPA
005 20230220130528.0
008 160406s2018 mx ad gr 000 | spa d
040 _aMx-PuUPA
_bspa
_cMx-PuUPA
_dMx-PuUPA
_erda
041 0 _aspa
245 0 3 _aLa política educativa de México desde una perspectiva regional /
_ccoordinador, Néstor López
264 1 _aMéxico, D.F. :
_bInstituto Nacional para la Evaluación de la Educación,
_c2018
300 _a134 páginas :
_bilustraciones, gráficas, tablas ;
_c25 cm
336 _atexto
_btxt
_2rdacontent
337 _2rdamedia
_asin medio
_bn
338 _2rdacarrier
_avolumen
_bnc
650 7 _2armarc
_aPolítica educativa
_zMéxico
650 7 _2armarc
_aEducación
_zMéxico
650 7 _2armarc
_aEducación
_xPlanificación regional
_zMéxico
700 1 _aLópez, Nestor,
_ecoordinador
942 _2ddc
_cLI
_h379.72
_iP762
999 _c64609
_d64609